| 000 | 01217nam a2200253Ia 4500 | ||
|---|---|---|---|
| 999 |
_c5668 _d5668 |
||
| 003 | OSt | ||
| 005 | 20200623150525.0 | ||
| 008 | 191128s1993 ck ad fr 100 0 spa d | ||
| 020 | _a9589552102 | ||
| 040 |
_aCO-JMCR _cCO-JMCR |
||
| 041 | 0 | _aspa | |
| 082 | 0 | 4 |
_a332.722 / _bC749c _223 |
| 111 | 2 |
_aCongreso Nacional de Ahorro _n(2o : _d1992 : _cCartagena) _96003 |
|
| 245 | 1 | 3 |
_aEl crédito de vivienda : _bpasado presente y futuro / _cInstituto Colombiano de Ahorro y Vivienda |
| 250 | _aPrimera edición | ||
| 260 |
_aBogotá : _bTercer Mundo, _c1993 |
||
| 300 |
_a217 páginas : _bgráficas a blanco y negro ; _c24 cm. |
||
| 504 | _aBibliografía a pie de página. | ||
| 505 | 0 |
_a - _tEl crédito a largo plazo: mitos y realidades / _rArmando Montenegro _tEl sitema Upac despúes de veinte años / _rLauchin Currie _tLos grupos financieros en Colombia: de la banca especializada a la banca múltiple / _rNéstor Humberto Martínez Neira |
|
| 650 | 1 | 4 |
_aInversiones _vcongresos, conferencias, etc: _zColombia _96007 |
| 650 | 1 | 4 |
_aSociedades de ahorro y préstamo para vivienda _vcongresos, Conferencias, etc. _zColombia _96008 |
| 650 | 1 | 4 |
_aAhorros y economía _vcongresos, conferencias, etc. _96009 |
| 942 |
_2ddc _cBK |
||